|
|
|
|
| LEADER |
01358cam a2200385 a 4500 |
| 001 |
000043880 |
| 003 |
1999 |
| 005 |
20060504160955.0 |
| 008 |
010302b2003 vm 000 vie |
| 020 |
|
|
|c 23000
|
| 040 |
|
|
|a LRC
|c LRC
|d LRC
|
| 041 |
1 |
|
|a vie
|
| 082 |
1 |
4 |
|a 650.1
|b SH-S
|
| 100 |
1 |
|
|a Shimađa Shuchi.
|
| 245 |
1 |
0 |
|a 100 bí quyết thành công trong cuộc đời /
|c Shimađa Shuchi ; người dịch : Hà Giang.
|
| 246 |
3 |
|
|a Một trăm bí quyết thành công trong cuộc đời.
|
| 250 |
|
|
|a Tái bản.
|
| 260 |
|
|
|a Hà Nội :
|b Phụ nữ,
|c 2003.
|
| 300 |
|
|
|a 231 tr. ;
|c 19 cm.
|
| 500 |
|
|
|a Dịch từ bản tiếng Trung : 100 bí quyết để đạt được thành công trong cuộc đời. NXB Thế Mậu. 1997.
|
| 630 |
0 |
4 |
|a Thành công.
|
| 650 |
0 |
4 |
|a Thành công
|x Bí quyết.
|
| 700 |
1 |
|
|a Hà Giang,
|e dịch.
|
| OWN |
|
|
|a DUT
|
| AVA |
|
|
|a UDN50
|b DUT
|c Book
|d 650.1 SH-S
|e available
|t Error 5001 Not defined in file expand_doc_bib_avail.
|f 3
|g 0
|h N
|i 1
|j SH
|k 1
|
| 999 |
|
|
|a From the UDN01
|
| AVA |
|
|
|a UDN50
|b DUT
|c Book
|d 650.1 SH-S
|e available
|t Error 5001 Not defined in file expand_doc_bib_avail.
|f 3
|g 0
|h N
|i 1
|j SH
|k 1
|
| TYP |
|
|
|a Monograph
|
| TYP |
|
|
|a Printed language
|
| 980 |
|
|
|a Mạng thư viện Đại học Đà Nẵng
|